000 00823nam a2200241Ia 4500
003 OSt
005 20220923213244.0
006 a|||||r|||| 00| 0
007 ta
008 220922b |||||||| |||| 00| 0 hin d
024 _a160,244
037 _cTextual
040 _aARTS
_cARTS
_bhin
041 _2hin
_ahin
082 _aO152,3:g, L2
100 _aजैन, रवीन्द्रकुमार
245 0 _aउपन्यास सिद्धान्त और सक्सेना
246 _aUpanyās siddhānta aur saksenā
260 _aदिल्ली
_b आदर्श एजेसी
_c1972
650 _aहिन्दी साहित्य
_9156264
942 _hO152,3:g, L2
_cTEXL
_2CC
999 _c314991
_d314991